Across Africa / (Record no. 123997)
[ view plain ]
| 000 -LEADER | |
|---|---|
| fixed length control field | 01091cam a22002771a 4500 |
| 001 - CONTROL NUMBER | |
| control field | 9181235 |
| 003 - CONTROL NUMBER IDENTIFIER | |
| control field | ARRUPE |
| 005 - DATE AND TIME OF LATEST TRANSACTION | |
| control field | 20160121123842.0 |
| 008 - FIXED-LENGTH DATA ELEMENTS--GENERAL INFORMATION | |
| fixed length control field | 741210s1877 nyuabf 000 0 eng |
| 010 ## - LIBRARY OF CONGRESS CONTROL NUMBER | |
| LC control number | 17011500 |
| 035 ## - SYSTEM CONTROL NUMBER | |
| System control number | (OCoLC)1106156 |
| 040 ## - CATALOGING SOURCE | |
| Original cataloging agency | DLC |
| Transcribing agency | NRU |
| Modifying agency | OCoLC |
| -- | NNM |
| -- | NN |
| -- | DLC |
| 043 ## - GEOGRAPHIC AREA CODE | |
| Geographic area code | fc----- |
| 050 00 - LIBRARY OF CONGRESS CALL NUMBER | |
| Classification number | DT351 |
| Item number | .C25 1877 |
| 300 ## - PHYSICAL DESCRIPTION | |
| Other physical details | ill. (some col.), map (in pocket) ; |
| Dimensions | 23 cm. |
| 100 1# - MAIN ENTRY--PERSONAL NAME | |
| Personal name | Cameron, Verney Lovett, |
| Dates associated with a name | 1844-1894. |
| 9 (RLIN) | 21694 |
| 245 10 - TITLE STATEMENT | |
| Title | Across Africa / |
| Statement of responsibility, etc | by Verney Lovett Cameron. |
| 260 ## - PUBLICATION, DISTRIBUTION, ETC. (IMPRINT) | |
| Place of publication, distribution, etc | New York : |
| Name of publisher, distributor, etc | Harper & Brothers, |
| Date of publication, distribution, etc | 1877. |
| 300 ## - PHYSICAL DESCRIPTION | |
| Extent | xvi, [15]-508 p., [36] leaves of plates : |
| 500 ## - GENERAL NOTE | |
| General note | "Enumeration of plants collected in the region about Lake Tanganyika. Drawn up by D. Oliver": p. [483]-488. "Kirua vocabulary": v. 2, p. [489]-497. |
| 650 #0 - SUBJECT ADDED ENTRY--TOPICAL TERM | |
| Topical term or geographic name as entry element | Indigenous peoples |
| Geographic subdivision | Africa, Central. |
| 9 (RLIN) | 21695 |
| 650 #0 - SUBJECT ADDED ENTRY--TOPICAL TERM | |
| Topical term or geographic name as entry element | Plants |
| Geographic subdivision | Africa, Central. |
| 9 (RLIN) | 10964 |
| 651 #0 - SUBJECT ADDED ENTRY--GEOGRAPHIC NAME | |
| Geographic name | Africa, Central |
| General subdivision | Description and travel. |
| 9 (RLIN) | 21696 |
| 700 1# - ADDED ENTRY--PERSONAL NAME | |
| Personal name | Oliver, Daniel, |
| Dates associated with a name | 1830-1916. |
| 9 (RLIN) | 21697 |
| 906 ## - LOCAL DATA ELEMENT F, LDF (RLIN) | |
| a | 7 |
| b | cbc |
| c | oclcrpl |
| d | u |
| e | ncip |
| f | 19 |
| g | y-gencatlg |
| 942 ## - ADDED ENTRY ELEMENTS (KOHA) | |
| Source of classification or shelving scheme | Library of Congress Classification |
| Koha item type | Monograph ( Printed materials) |
| Withdrawn status | Lost status | Source of classification or shelving scheme | Damaged status | Not for loan | Collection code | Home library | Current library | Shelving location | Date acquired | Total Checkouts | Full call number | Barcode | Date last seen | Price effective from | Koha item type |
|---|---|---|---|---|---|---|---|---|---|---|---|---|---|---|---|
| Library of Congress Classification | Main Collection | ARRUPE LIBRARY | ARRUPE LIBRARY | Main Collection | 21/01/2016 | SPCDT351.C25 1877 | 46500005995 | 21/01/2016 | 21/01/2016 | SPC | |||||
| Library of Congress Classification | Main Collection | ARRUPE LIBRARY | ARRUPE LIBRARY | Main Collection | 21/01/2016 | SPCDT351.C25 1877 | 46500005996 | 21/01/2016 | 21/01/2016 | SPC |